canzoni dalla prima frase - Statistics

Statistiche generali
  • Questo quiz è stato fatto 292 volte
  • Il punteggio medio è 5 su 10
Statistiche sulle risposte
testo Risposta % Corretto
Felicità è tenersi per mano andare lontano Felicità
95%
voglia di stringersi e poi maledetta primavera
62%
Un gatto bianco con gli occhi blu mamma maria
51%
parlami come il vento tra gli alberi Luce
49%
Ti vorrei ti vorrei come sempre ti vorrei La rondine
41%
i heard that you settle down someone like you
37%
spengo la Tv e la farfalla appesa cade giù Spaccacuore
35%
voglio parlare al tuo cuore di sole e d'azzurro
33%
è un incognita ogni sera mia Minuetto
33%
Mi dispiace devo andare via Strani amori
26%
Nessun quiz corrispondente trovato
Distribuzione punteggi
Percentuale di utenti per punteggio
Percentile per numero di risposta
I tuoi punteggi nel tempo
Non hai fatto questo quiz